000 00516nam a2200169 i 4500
001 101783
003 ES-MaACL
005 20230906182958.0
007 t|
008 051025m19211951fr ||||1| fre d
100 1 _aMeillet, Antoine (
_d1866-1936)
_979843
245 1 0 _aLinguistique historique et linguistique générale /
_cpar A. Meillet.
260 _aParis :
_bProtat Freses,
_c1921-1951.
300 _a2 v. ;
_c25 cm.
650 0 4 _aLingüística histórica.
_914478
852 _aES-MaACL
_jP-805-bis
_bR.52066
999 _c101783
_d101783